images (140×140)   Dow University of Health Sciences Library Catalogue

Welcome to Dow University of Health Sciences Library Online Public Access Catalog

Harper's Illustrated Biocheistry (Record no. 18991)

MARC details
000 -LEADER
fixed length control field 00362nam a2200145Ia 4500
008 - FIXED-LENGTH DATA ELEMENTS--GENERAL INFORMATION
fixed length control field 241014s9999||||xx |||||||||||||| ||und||
020 ## - INTERNATIONAL STANDARD BOOK NUMBER
International Standard Book Number 978-0-07-1792776
100 ## - MAIN ENTRY--PERSONAL NAME
Personal name Murray,Robrt K
245 #0 - TITLE STATEMENT
Title Harper's Illustrated Biocheistry
250 ## - EDITION STATEMENT
Edition statement 29
260 ## - PUBLICATION, DISTRIBUTION, ETC.
Place of publication, distribution, etc. North America
Name of publisher, distributor, etc. Mcgraw Hill
Date of publication, distribution, etc. 2012
300 ## - PHYSICAL DESCRIPTION
Extent 817
650 ## - SUBJECT ADDED ENTRY--TOPICAL TERM
Topical term or geographic name entry element Biochemistry
942 ## - ADDED ENTRY ELEMENTS (KOHA)
-- ION
Koha item type Books

No items available.




©2026, All rights reserved. Dow University of Health Sciences, Karachi, Pakistan.